| 000 | 00391cam a2200169ua 4500 | ||
|---|---|---|---|
| 020 | _cRs. 600.00 | ||
| 082 |
_a651.3 _bnar/of |
||
| 100 | _aNarayan, B . | ||
| 245 | _aOffice management | ||
| 250 |
_a1 / _b. |
||
| 260 |
_aNew Delhi : _bA P H Publishing corporation , _c1999. |
||
| 300 | _a281 ; . | ||
| 365 | _aRs. 600.00 | ||
| 504 | _a | ||
| 942 | _cBK | ||
| 999 |
_c229 _d229 |
||